000 00417nam a2200121Ia 4500
008 220216s9999 xx 000 0 und d
100 _aFreymark P J
_cet al
245 0 _aMolecular marker facilitated investigation of host plant response to Exserohilum trucicum in maize (Zea mays L.) components of resistance
260 _bTheoretical and Applied Genetics
_c1994
300 _a305-313
650 _aRFLP
942 _cJS
999 _c63202
_d63202